Commentaire du Traité Du ciel d’Aristote (notice n° 1662560)

détails MARC
000 -LEADER
fixed length control field 02335cam a2200157 4500500
005 - DATE AND TIME OF LATEST TRANSACTION
control field 20260222000230.0
041 ## - LANGUAGE CODE
Language code of text/sound track or separate title fre
042 ## - AUTHENTICATION CODE
Authentication code dc
100 10 - MAIN ENTRY--PERSONAL NAME
Personal name d’Aquin, Saint Thomas
Relator term author
245 00 - TITLE STATEMENT
Title Commentaire du Traité Du ciel d’Aristote
260 ## - PUBLICATION, DISTRIBUTION, ETC.
Name of publisher, distributor, etc. Les Belles lettres,<br/>
Date of publication, distribution, etc. 2024.<br/>
520 ## - SUMMARY, ETC.
Summary, etc. Le Commentaire du Traité Du ciel d’Aristote rédigé par Thomas d’Aquin aux alentours de 1272-1273 est une énigme. Pourquoi le théologien, qui est alors au faîte de sa carrière, entreprend-il le commentaire littéral d’un texte sur la nature qui, manifestement, n’était pas destiné aux étudiants en théologie ? Avait-il, comme Albert le Grand, le projet de « rendre Aristote intelligible aux Latins » ? Cherchait-il à préciser ce qu’on peut appeler à la suite de Wilfrid Sellars « l’image manifeste de l’homme-dans-le-monde » ? Ou était-il en train d’accorder la vision aristotélicienne d’un Univers clos et éternel avec le Ciel de la Foi chrétienne ? Dans cet ouvrage, où il est question d’explorer conceptuellement l’Univers corporel à partir de la lettre d’Aristote, Thomas livre un témoignage très singulier de son propre style de pensée. À ce titre, le texte présente un intérêt à la fois historique et philosophique. Parce qu’il aborde la question de la nature et la place des mathématiques dans son traitement, ce commentaire thomasien est aussi une source d’information intéressante pour l’histoire des sciences. La présente traduction fait le choix de la précision, laissant ainsi au texte thomasien le style caractéristique d’un commentaire à haute voix écrit sous la dictée. Barbara Ferré, agrégée de Lettres Classiques, maître de conférences à l’IPC (Paris), membre titulaire de l’ER IPC (RNSR : 201624341T). Elle travaille actuellement sur la traduction de la Physica d’Albert le Grand. Emmanuel Brochier, maître de conférences en philosophie, doyen de l’IPC (Paris) et directeur de l’ER IPC (RNSR : 201624341T). Il poursuit ses travaux sur la réception de la Physique d’Aristote au xiiie siècle.
700 10 - ADDED ENTRY--PERSONAL NAME
Personal name Ferré, Barbara
Relator term author
700 10 - ADDED ENTRY--PERSONAL NAME
Personal name Brochier, Emmanuel
Relator term author
856 41 - ELECTRONIC LOCATION AND ACCESS
Uniform Resource Identifier <a href="https://shs.cairn.info/commentaire-du-traite-du-ciel-daristote--9782251455747?lang=fr&redirect-ssocas=7080">https://shs.cairn.info/commentaire-du-traite-du-ciel-daristote--9782251455747?lang=fr&redirect-ssocas=7080</a>

Pas d'exemplaire disponible.

PLUDOC

PLUDOC est la plateforme unique et centralisée de gestion des bibliothèques physiques et numériques de Guinée administré par le CEDUST. Elle est la plus grande base de données de ressources documentaires pour les Étudiants, Enseignants chercheurs et Chercheurs de Guinée.

Adresse

627 919 101/664 919 101

25 boulevard du commerce
Kaloum, Conakry, Guinée

Réseaux sociaux

Powered by Netsen Group @ 2025